伝説入り複数持ちボカロP - Statistics

General Stats
  • This quiz has been taken 475 times
    265 since last reset
  • The average score is 54 of 153
Answer Stats
# P名 % Correct
47 DECO*27
92%
11 ハチ
85%
32 ピノキオピー
83%
8 wowaka
77%
17 Orangestar
74%
23 じん
71%
14 いよわ
68%
19 Neru
68%
4 柊マグネタイト
67%
15 かいりきベア
65%
13 40㍍P
65%
14 ナユタン星人
64%
9 みきとP
64%
9 Kanaria
63%
10 kemu
63%
23 MARETU
63%
14 ギガ
62%
16 n-buna
61%
7 ryo
61%
11 れるりり
60%
10 CosMo@暴走P
60%
5 柊キライ
59%
11 バルーン
58%
12 ささくれP
58%
11 syudou
58%
3 164
57%
9 黒うさP
57%
7 ぽわぽわP
57%
4 八王子P
57%
9 すりぃ
56%
3 ツミキ
54%
5 Ayase
54%
3 wotaku
54%
7 ぬゆり
53%
7 くらげP
52%
8 まふまふ
50%
3 稲葉曇
50%
8 Eve
50%
5 オワタP
50%
5 煮ル果実
49%
3 はるまきごはん
47%
2 Chinozo
47%
4 てにをは
45%
5 OSTER project
45%
10 トーマ
44%
8 きくお
43%
5 ユリイ・カノン
43%
5 Omoi
43%
10 悪ノP
43%
8 カンザキイオリ
42%
4 ナナホシ管弦楽団
42%
4 ゆうゆ
41%
2 原口沙輔
41%
13 HoneyWorks
41%
3 キノシタ
40%
12 ひとしずくP
40%
2 大漠波新
39%
3 MIMI
39%
7 Mitchie M
39%
3 まらしぃ
38%
2 john
38%
5 kz
38%
9 ココアシガレットP
38%
2 なきそ
37%
2 こんにちは谷田さん
37%
5 電ポルP
37%
3 R Sound Design
37%
4 doriko
36%
3 Junky
36%
4 家の裏でマンボウが死んでるP
35%
3 r-906
35%
2 傘村トータ
34%
3 halyosy
34%
2 ika
33%
4 samfree
33%
8 梅とら
32%
5 とあ
32%
6 Last Note.
32%
5 蝶々P
32%
4 ラマーズP
32%
7 すこっぷ
31%
2 さつき が てんこもり
31%
6 niki
31%
4 じーざすP
31%
4 西沢さんP
31%
2 鬱P
31%
3 日向電工
30%
3 栗山夕璃
29%
2 Easy Pop
29%
3 サイゼP
29%
3 一二三
28%
2 アゴアニキ
28%
3 DIVELA
28%
2 Guiano
28%
5 のぼる↑
27%
3 ポリスピカデリー
27%
2 南ノ南
26%
2 iroha
26%
4 ジミーサムP
26%
3 ナノウ
25%
3 夏代孝明
24%
2 羽生まゐご
24%
2 buzzG
24%
10 やま△
23%
4 有機酸
23%
3 カラスヤサボウ
23%
2 マサラダ
23%
2 Azari
23%
5 keeno
23%
4 nyanyannya
23%
3 流星P
23%
2 ろくろ
22%
3 Nem
22%
2 19's Sound Factory
21%
4 うたたP
21%
3 スズム
20%
5 150P
20%
3 KEI
20%
2 ねこぼーろ
19%
2 メドミア
18%
4 YASUHIRO
18%
3 くるりんご
17%
2 のりP
17%
2 SLAVE.V-V-R
17%
3 クワガタP
16%
3 めざめP
16%
2 シグナルP
16%
2 仕事してP
16%
2 トラボルタ
15%
2 LonePi
15%
2 囚人P
15%
2 otetsu
14%
3 ゆちゃP
14%
3 EZFG
13%
4 FB777
13%
2 KIRA
13%
2 とくP
13%
2 PolyphonicBranch
13%
3 梨本うい
12%
2 10日P
12%
3 yuukiss
12%
2 猫虫
11%
2 おにゅうP
11%
2 takamatt
11%
2 ぺぺろんP
10%
2 くちばしP
10%
2 baker
9%
2 natsuP
9%
3 shr
9%
2 Diarays
8%
2 No.D
8%
2 もじゃ
7%
2 カニミソP
7%
No matching quizzes found
Score Distribution
Percent of People with Each Score
Percentile by Number Answered
Your Score History
You have not taken this quiz since the last reset